MARC

LEADER 00000nam0a2200000 4500
001 24633
005 20231101205624.0
010 |a 5898030468 
035 |a (RuTPU)RU\TPU\book\24862 
035 |a BOOK00000037 
090 |a 24633 
100 |a 20011209d2000 m y0rusy50 ca 
101 0 |a rus 
102 |a RU 
105 |a y z 000ay 
200 1 |a Урания  |f И. А. Бродский 
210 |a СПб.  |c Пушкинский фонд  |d 2000 
215 |a 208 с. 
610 1 |a стихотворения 
675 |a Р2  |v 3 
700 1 |a Бродский  |b И. А.  |c русский поэт  |f 1940-1996  |g Иосиф Александрович  |2 stltpui  |3 (RuTPU)RU\TPU\pers\1094  |9 494 
801 0 |a RU  |b 63413507  |c 20011209  |g PSBO 
801 2 |a RU  |b 63413507  |c 20060523  |g PSBO 
942 |c BK